LIBRARY & INFORMATION CENTRE, KCAET, TAVANUR

ONLINE PUBLIC ACCESS CATALOGUE (OPAC)

Capitalisation and peasant farming / (Record no. 8761)

MARC details
000 -LEADER
fixed length control field 00431cam a2200169ua 4500
020 ## - INTERNATIONAL STANDARD BOOK NUMBER
ISBN 19 561340 6
041 ## - LANGUAGE CODE
Language code of text/sound track or separate title eng
082 ## - DEWEY DECIMAL CLASSIFICATION NUMBER
Classification number 631.584
Item number HAR/CA
100 ## - MAIN ENTRY--AUTHOR NAME
Personal name Harriss, John .
245 ## - TITLE STATEMENT
Title Capitalisation and peasant farming /
250 ## - EDITION STATEMENT
Edition statement 1 /
260 ## - PUBLICATION, DISTRIBUTION, ETC. (IMPRINT)
Place of publication London :
Name of publisher Oxford University Press ,
Year of publication 1982.
300 ## - PHYSICAL DESCRIPTION
Number of Pages 358 ; .
942 ## - ADDED ENTRY ELEMENTS (KOHA)
Koha item type Books
Holdings
Withdrawn status Lost status Damaged status Home library Current library Date acquired Full call number Accession Number Koha item type
      KAUAET KAUAET 26/03/1987 631.584 HAR/CA 16131 Books
free website counter